00627 2200253 4500001002100000005001500021008004100036020002200077035002500099041000800124082000800132090000800140100001900148245007400167260004200241300002900283650001000312990000800322990000900330990000800339990000900347990000800356990000900364INLIS00000000000465520130515145058 ind  a979-403-511-199-x a0010-051300000004655 aind aFik aFik aWilliam, McCay aTrio Detektif : Misteri Pahlawan Komik/ penerjemah, Hendarto, Setiadi aJakartabGramedia Pustaka Utamac1991 a179 hlm. : ilus. ;21 cm. aFiksi a433 a4976 a433 a4976 a433 a4976